[Event "Calvia ol (Men)"]
[Site "Mallorca"]
[Date "2004.10.24"]
[Round "9"]
[White "Delgado Ramirez, Neuris"]
[Black "Schandorff, Lars"]
[Result "1-0"]
[WhiteElo "2554"]
[BlackElo "2510"]
[Annotator "Finkel,A"]
[PlyCount "79"]
[EventDate "2004.10.15"]
[EventType "team-swiss"]
[EventRounds "14"]
[EventCountry "ESP"]
[SourceTitle "CBM 104"]
[Source "ChessBase"]
[SourceDate "2005.01.27"]
[SourceVersion "1"]
[SourceVersionDate "2005.01.27"]
[SourceQuality "1"]
[WhiteTeam "Cuba"]
[BlackTeam "Denmark"]
[WhiteTeamCountry "CUB"]
[BlackTeamCountry "DEN"]

1. e4 c5 2. Nf3 Nc6 3. Bb5 g6 4. Bxc6 dxc6 5. d3 Bg7 6. h3 Nf6 7. Nc3 Nd7 {
Starting a long journey to d4.} (7... O-O 8. Bf4 Nd7 9. e5 Nb6 10. Ne4 c4 $1
11. d4 Nd5 12. Bh2 Bf5 13. Ng3 Qa5+ 14. Nd2 Be6 15. O-O c5 16. Nf3 c3 $17 {
Conquest,S-Michaelsen,N/Fuerth GER 1999}) 8. Be3 (8. O-O e5 9. Be3 O-O (9...
Qe7 10. Ne2 $6 O-O 11. c3 $6 {[%csl Gd3]} b6 12. Qb3 Ba6 13. Rfd1 Rfd8 14. Rd2
Nf6 15. Rad1 c4 $1 $17 {Lederer,Y-Sutovskij,E/Tel Aviv 1994/EXT 97}) 10. Qd2
Re8 11. Nh2 Qe7 12. Bh6 Bh8 13. Ng4 Nf8 $13 {Adams,M-Kramnik,V/Dortmund 2000/
CBM 78}) 8... e5 (8... Qa5 $6 $146 9. Qd2 h6 $2 10. O-O e5 11. a3 {[%cal Gb2b4]
} Nf8 $2 12. b4 cxb4 13. axb4 Qxb4 14. Bxa7 $1 $18 {Oratovsky,M-Kagan,S/Ramat
Aviv 2000/CBM 77 .}) (8... a5 9. a4 $6 b6 10. Qd2 h6 11. O-O e5 12. Ne2 $2 Nf8
{[%cal Gf8e6]} 13. c3 Ba6 14. Rfd1 Ne6 $17 {[%csl Gd3] Groffen,H-Abolianin,A/
Vlissingen 1995/EXT 2000}) (8... b6 9. Qd2 e5 10. Bh6 O-O 11. O-O-O Re8 12. g4
Nf8 13. Ne2 a5 14. Rdg1 Bf6 15. Bg5 Ne6 16. Bxf6 Qxf6 $13 {Bologan,V-Anand,V/
New Delhi/Theran 2000/CBM 80}) 9. Qd2 h6 {Preventing white from playing Bh6,
but keeping the king in the center for a while since the pawn on h6 is hanging
in case of the castle.} 10. O-O Qe7 11. a3 {Another possible plan is to push
f4, but it;s hardly enough to get an opening advantage.} (11. Nh2 {[%cal Gf2f4]
} Nf8 12. f4 exf4 13. Bxf4 Ne6 14. Be3 Nd4 15. Nd1 $5 (15. Nf3 Be6 16. Qf2 Rd8
17. Rab1 O-O $13) 15... b6 16. c3 Ne6 17. Nf3 Ba6 18. Nf2 Rd8 19. Qc2 O-O $132
{Galdunts,S-Jakubiec,A/Griesheim 2002}) 11... Nf8 (11... a5 12. Nh2 {[%cal
Gf2f4]} a4 13. f4 exf4 14. Bxf4 Ne5 15. Nf3 Nxf3+ 16. Rxf3 g5 17. Be3 Be6 18.
Qf2 b6 19. d4 cxd4 20. Bxd4 Bxd4 21. Qxd4 Qc5 22. Qxc5 bxc5 $16 {[%csl Ga4,Gc5,
Gc6,Gf6] Tseitlin,M-Schmittdiel,E/Groningen 1994}) 12. b4 Ne6 13. Na4 b6 (13...
Nd4 14. Ne1 b6 15. Rb1 cxb4 16. axb4 $14 {Melamed,T-Nekrasova,E/St Petersburg
1996/EXT 2000}) 14. Rae1 $5 {Very cunning move aimed both against f5 and Nd4:
in some lines white can't play c3 because of the fork on b3.} (14. Nh2 f5 15.
f3 (15. exf5 gxf5 16. f4 $2 exf4 17. Bxf4 Bxa1 18. Rxa1 Nxf4 19. Qxf4 Bd7 20.
Nf3 O-O-O $17 {Kuzin,A-Pashikian,A/Chalkidiki 2003}) 15... f4 16. Bf2 h5 17.
bxc5 b5 18. Nb2 g5 $15 {Ponomariov,R-Kramnik,V/Linares 2003}) (14. Rab1 f5 (
14... g5 $6 15. bxc5 b5 16. Nc3 Nxc5 17. a4 a6 18. axb5 axb5 19. Ne2 Ne6 20.
Qc3 Bd7 21. Ng3 $16 {Marinovic,B-Civric,Z/Petrovac 2004}) 15. Qd1 f4 16. Bd2 h5
17. Nh2 g5 18. f3 Bd7 19. Be1 Kf7 $13 {Hernandez,G-Gonzalez Zamora,J/
Cuernavaca 2003}) (14. c3 f5 15. exf5 gxf5 16. Rae1 e4 17. dxe4 fxe4 18. Bxc5
$5 bxc5 19. Rxe4 cxb4 20. axb4 $44 {Fedorchuk,S-Schandorff,L/Esbjerg 2004})
14... Ba6 $6 {Very strange decision causing black nothing, but troubles.} (
14... Nd4 15. Nh2 Be6 16. c3 (16. f4 $6 exf4 17. Bxf4 c4 18. Nf3 Nxf3+ 19. Rxf3
O-O-O $132) 16... Bb3 17. Nxc5 bxc5 18. Qb2 Qe6 (18... Nc2 $6 19. Bxc5 Qe6 20.
Re2 a5 21. Rxc2 Bxc2 22. Qxc2 $14) 19. cxd4 cxd4 20. Bd2 g5 $13) 15. bxc5 b5 (
15... Bb5 $6 16. Nc3 Nxc5 17. Nxb5 cxb5 18. Qb4 a6 19. Nxe5 Bxe5 20. d4 Bd6 21.
e5 $1 Nd3 22. Qc3 $1 $16) 16. Nb2 Rd8 {It turns out that winning back a pawn
is a very difficult task.} (16... f5 $5 17. exf5 gxf5 18. Qc3 {[%csl Re5]} (18.
Qb4 Bc8 19. a4 $1 a5 20. Qa3 b4 21. Qa2 $36 {[%csl Re5][%cal Gb2c4]}) 18... e4
19. Ne5 Qc7 20. d4 b4 21. axb4 Bxf1 22. Kxf1 $14) (16... Nxc5 $2 17. Qc3 $18 {
[%csl Rc6]}) 17. a4 $16 Nd4 18. Bxd4 exd4 19. axb5 Bxb5 (19... cxb5 $2 20. Qa5
Qe6 21. Ra1 $18) 20. Qb4 {[%cal Gb2c4,Gc4d6] White is just a pawn up, while
black's bishop's pair is hardly an advantage since the position is closed and
the bishops fail to act efficiently.} a5 (20... O-O 21. Nc4 Rb8 22. Nfd2 Rfd8
23. Qa3 $16) 21. Qxa5 Qxc5 22. Nc4 O-O 23. Ra1 Rfe8 (23... Ra8 $2 24. Qxa8 Rxa8
25. Rxa8+ Kh7 26. Na3 $18) 24. Nfd2 Bf8 25. Qc7 Qe7 26. Qf4 $1 {White has very
good attacking prospects so there is no need to trade the queens.} (26. Qxe7
Bxe7 27. f4 Bb4 28. Kf2 Bc3 $132) 26... Qg5 27. Qf3 Ra8 (27... Bb4 $5 28. Ra7
Rf8 29. Qe2 Ra8 $16) 28. e5 $1 {[%cal Gd2e4,Ge4f6,Ge4d6]} Qf5 29. Qg3 Red8 30.
f4 {[%cal Gg3f3,Gg2g4,Gf4f5]} h5 31. Qh4 Qe6 32. g4 Be7 33. Qg3 h4 (33... hxg4
34. hxg4 f5 35. gxf5 Qxf5 36. Rxa8 Rxa8 37. Nd6 Bxd6 38. exd6 c5 39. Nf3 $16)
34. Qf2 c5 35. f5 gxf5 36. gxf5 Qh6 37. Rxa8 Rxa8 38. f6 Bf8 39. Kh2 Kh8 40.
Rg1 {[%cal Gg1g4,Gg4h4]} 1-0

[Event "Calvia ol (Men)"]
[Site "Mallorca"]
[Date "2004.10.25"]
[Round "10"]
[White "Harikrishna, Pentala"]
[Black "Delgado Ramirez, Neuris"]
[Result "1/2-1/2"]
[WhiteElo "2612"]
[BlackElo "2554"]
[PlyCount "99"]
[EventDate "2004.10.15"]
[EventType "team-swiss"]
[EventRounds "14"]
[EventCountry "ESP"]
[SourceTitle "CBM 104"]
[Source "ChessBase"]
[SourceDate "2005.01.27"]
[SourceVersion "1"]
[SourceVersionDate "2005.01.27"]
[SourceQuality "1"]
[WhiteTeam "India"]
[BlackTeam "Cuba"]
[WhiteTeamCountry "IND"]
[BlackTeamCountry "CUB"]

1. d4 Nf6 2. c4 e6 3. g3 Bb4+ 4. Bd2 c5 5. Bxb4 cxb4 6. Bg2 O-O 7. Nf3 Qc7 8.
b3 b6 9. a3 Na6 10. O-O Bb7 11. axb4 Nxb4 12. Nc3 a5 13. Qb1 d5 14. Na4 dxc4
15. bxc4 Rad8 16. Qb2 Bxf3 17. Bxf3 Qxc4 18. Nxb6 Qxd4 19. Qxd4 Rxd4 20. Rxa5
Rb8 21. Rc1 h6 22. Nc8 Rd7 23. Na7 g5 24. h3 Rbd8 25. Kg2 Rd2 26. Rac5 Kg7 27.
Nb5 Nbd5 28. Na3 Nd7 29. Ra5 Ne5 30. Nc4 Nxc4 31. Rxc4 Nf6 32. h4 gxh4 33. Rxh4
R8d4 34. Rf4 Nh7 35. Bh5 Nf6 36. Bf3 Nh7 37. Ra7 Rd7 38. Raa4 Nf6 39. Rfc4 Rb2
40. Rc1 Rdd2 41. Ra5 Rd7 42. g4 Nh7 43. Rc8 Ng5 44. Raa8 Nxf3 45. Kxf3 Rdd2 46.
Rh8 Rxe2 47. Rag8+ Kf6 48. Rxh6+ Ke7 49. Rh2 Rec2 50. Kg3 1/2-1/2

[Event "Calvia ol (Men)"]
[Site "Mallorca"]
[Date "2004.10.27"]
[Round "12"]
[White "Delgado Ramirez, Neuris"]
[Black "Pavasovic, Dusko"]
[Result "1-0"]
[WhiteElo "2554"]
[BlackElo "2581"]
[Annotator "Huzman,A"]
[PlyCount "63"]
[EventDate "2004.10.15"]
[EventType "team-swiss"]
[EventRounds "14"]
[EventCountry "ESP"]
[SourceTitle "CBM 104"]
[Source "ChessBase"]
[SourceDate "2005.01.27"]
[SourceVersion "1"]
[SourceVersionDate "2005.01.27"]
[SourceQuality "1"]
[WhiteTeam "Cuba"]
[BlackTeam "Slovenia"]
[WhiteTeamCountry "CUB"]
[BlackTeamCountry "SLO"]

1. e4 e5 2. Nf3 Nf6 3. Nxe5 d6 4. Nf3 Nxe4 5. Nc3 Nxc3 6. dxc3 Nc6 7. Be3 Be7
8. Qd2 Ne5 9. O-O-O (9. Nd4 c5 $5 $146 (9... O-O 10. O-O-O (10. f4 Ng4 11.
O-O-O c5 12. Nf3 Be6 13. Kb1 Qa5 14. a3 b5 $36 {1/2-1/2 Short,N-Condie,M/
Brighton 1984/MCL (30)}) 10... c5 (10... Bd7 11. f4 Ng4 12. Bd3 Re8 13. Rhe1 c6
14. Bg1 Qa5 15. Kb1 Bf8 16. h3 Nf6 17. g4 c5 18. Ne2 Ne4 $11 {1/2-1/2 Gomez
Baillo,J-Miralles,G/Novi Sad 1990/TD (30)}) 11. Nb5 Qa5 (11... Be6 12. Nxd6 Qb6
13. b4 Bxd6 14. Qxd6 Qxd6 15. Rxd6 cxb4 16. cxb4 Bxa2 17. Bd4 $14 {1/2-1/2
Nunn,J-Polgar,Z/Brussels 1985/EXT 2001 (42)}) 12. a3 a6 13. Nxd6 Rd8 14. Nxc8
Raxc8 15. Qe1 Rxd1+ 16. Qxd1 Rd8 17. Qe1 b5 18. Bd2 Bf6 19. f4 Nc6 20. Bd3 g6
21. Qe4 Qb6 $44 {[%cal Yb5b4] 1/2-1/2 Forchert,N-Raetsky,A/Germany 1996/EXT 98
(26)}) 10. Nb3 (10. Bb5+ Bd7 11. Bxd7+ Qxd7 12. Ne2 Nc4 13. Qd5 Nxe3 14. fxe3
Qe6 $11 {1/2-1/2 Cuijpers,F-Hartoch,R/Hilversum 1985/EXT 2002 (43)}) (10. Nf3
O-O 11. O-O-O (11. Be2 Bd7 12. O-O-O Ng4 13. h3 Nxe3 14. Qxe3 $11 {1-0
Gelashvili,A-Lundina,A/Elista 1998/CBM 64 ext (33)}) 11... Be6 12. a3 Qa5 13.
Bg5 (13. Ng5 Nc4 14. Qd3 Bxg5 15. Bxg5 Qb6 16. b3 Nxa3 17. Qxd6 Qa5 18. c4 b5 {
1/2-1/2 Braga,C-Lima,D/Goiania 1982/EXT 2003 (18)}) 13... f6 14. Bh4 b5 15. Qe1
Rab8 16. Nxe5 dxe5 17. f4 b4 $36 {1-0 Polzin,R-Christensen,T/Lyngby 1991/EXT
2000 (45)}) 10... Be6 (10... O-O $5 11. O-O-O (11. Bf4 Qb6 12. Be2 Be6 13. O-O
Rad8 {1/2-1/2 Schneider,D-Seres,L/Budapest HUN 2003/(13)}) 11... Be6 12. Qe1
Qc7 13. f4 Nc4 14. Bxc4 Bxc4 15. f5 f6 16. Bf4 Rfe8 17. g4 Rad8 18. Qg3 b6 19.
Rhe1 $14 {1-0 Graf,C-Hartl,A/Bayern 2000/EXT 2001 (34)}) 11. Bb5+ Nc6 12. O-O-O
O-O 13. Qe2 Qc8 $1 14. Bc4 Re8 $1 15. Bd5 Bf8 $1 $11 {Repkova,E-Zhu Chen/Halle
1995/Inf 65/[Wang Zili; Zhu Chen] (15)}) 9... Nxf3 (9... Be6 10. Nd4 Bd7 11. f4
Ng4 12. Bg1 c6 13. Bd3 Qa5 14. Kb1 O-O-O 15. h3 Nf6 16. g4 d5 17. Nf5 $16 {
1-0 Baklan,V-Balogh,T/Szombathely 1993/TD (37)}) (9... O-O 10. Bd4 Nxf3 11.
gxf3 c5 12. Be3 Be6 13. c4 Bf6 14. Rg1 Qb6 15. b3 Qa6 16. a4 Qc6 17. Bg2 Rfd8
18. Bg5 Bxg5 19. Qxg5 f6 20. Qg3 Qc7 21. f4 $36 {0-1 Lukas,M-Lawitsch,G/
Seefeld 1997/EXT 2000 (32)}) 10. gxf3 Be6 (10... O-O 11. h4 Be6 12. Bd3 (12. h5
Bf6 13. Rg1 Qd7 14. Bh6 g6 15. Bd3 Bf5 16. Qf4 {1-0 Tseshkovsky,V-Giertz,N/
Biel SUI 2004/(16)}) 12... f5 13. Bg5 Qd7 14. Rde1 Rae8 15. Rhg1 Bd5 16. f4 (
16. Qf4 $5 $36 {[%cal Gf4d4,Gd4d5,Gd4g7]}) 16... Kh8 17. Be2 Bxg5 18. fxg5 (18.
hxg5 $5) 18... Bc6 19. h5 $36 {1/2-1/2 Radjabov,T-Motylev,A/Izmir 2004/CBM
104_01/(19)}) 11. Rg1 (11. Kb1 Bf6 12. Bd3 c6 13. a3 Qa5 14. f4 O-O-O 15. c4 {
1/2-1/2 van der Wiel,J-Barua,D/Novi Sad (ol) 1990/Inf 50 (15)}) 11... Bf6 12.
Bd4 (12. Kb1 c6 13. Bd4 Qa5 14. b3 O-O-O 15. Bxf6 gxf6 16. Qd4 Qe5 17. Qxa7
Qxh2 18. Kb2 Qe5 19. Bd3 Qc5 $11 {1/2-1/2 Cherniaev,A-Blauert,J/Davos SUI 2004/
(66)}) 12... Kf8 {Black will feel lack of coordination of the pieces during
the whole game.} (12... O-O 13. Qf4 (13. Qh6 g6 14. h4 Bxd4 15. cxd4 Qf6 16. h5
Bd5 17. Bd3 Bxf3 18. hxg6 fxg6 19. Bxg6 Qf4+ $11) 13... Bxd4 14. cxd4 c6 15.
Bd3 $36) 13. Be3 $5 (13. Kb1 Bxd4 14. cxd4 (14. Qxd4 Qf6 15. Qe4 Rb8 $14))
13... Qd7 {[%cal Yd7a4]} 14. Kb1 Re8 15. Bd3 g6 16. Bh6+ (16. h4 h5) 16... Bg7
17. Qf4 $1 Rg8 18. h4 $40 {[%mdl 4]} Bxh6 19. Qxh6+ Rg7 20. Rde1 $1 (20. h5 Bf5
$14) 20... f5 (20... Qa4 21. a3 Qa5 {[%cal Ya5h5]} 22. Rg5 c5 23. Re3 $16) 21.
h5 Qf7 22. b3 Qf6 23. hxg6 hxg6 24. Re3 $1 {[%cal Ge3g3,Gg1g6,Gg1e1,Ge1e8,
Gf3f4][%mdl 32] White can combinate threats on the files "e" and"g" now.} Kg8 (
24... Kf7 $142 25. f4 $16) 25. f4 Bf7 26. Rh3 Bd5 27. Rhg3 Re6 $2 (27... Kf7
$142 28. Kb2 c6 29. Rg5 Be6 $14) 28. Kb2 Kf7 (28... Be4 29. Bc4 $1 d5 30. Bf1 {
[%cal Gf2f3]} Rc6 31. Bb5 $1 Rb6 32. Be8 $1 $18) 29. Rg5 $1 {[%cal Gd3f5,Gg1g7]
} Be4 30. Be2 $1 d5 (30... Ke7 31. Bh5 Qf8 32. Bxg6 Kd8 33. Qh3 Rf6 34. f3 $18)
31. Rxg6 Rxg6 32. Rxg6 (32. Rxg6 Qxg6 33. Bh5 $18) 1-0

[Event "Calvia ol (Men)"]
[Site "Mallorca"]
[Date "2004.10.28"]
[Round "13"]
[White "Delgado Ramirez, Neuris"]
[Black "Dreev, Alexey"]
[Result "1/2-1/2"]
[WhiteElo "2554"]
[BlackElo "2698"]
[Annotator "Lukacs,P"]
[PlyCount "78"]
[EventDate "2004.10.15"]
[EventType "team-swiss"]
[EventRounds "14"]
[EventCountry "ESP"]
[SourceTitle "CBM 104"]
[Source "ChessBase"]
[SourceDate "2005.01.27"]
[SourceVersion "1"]
[SourceVersionDate "2005.01.27"]
[SourceQuality "1"]
[WhiteTeam "Cuba"]
[BlackTeam "Russia"]
[WhiteTeamCountry "CUB"]
[BlackTeamCountry "RUS"]

1. e4 c6 2. c4 d5 3. cxd5 cxd5 4. exd5 Nf6 5. Bb5+ (5. Nc3 Nxd5 6. Nf3 {
is the "semi" Panov.}) 5... Nbd7 6. Nc3 a6 7. Be2 {This modest setup cannot
yield White any real.} (7. Qa4 {is more popular.}) 7... b5 8. d4 (8. Nf3 Bb7 9.
O-O Nxd5 $11 (9... b4 $5 {Rasik-Haba, Karlovy Vary 2004})) (8. Bf3 Bb7 9. d4 b4
$5 10. Nce2 Nxd5 11. Nh3 e6 12. Nhf4 N7b6 {Black has a very strong blockade on
d5.} 13. Nd3 Bd6 14. O-O O-O 15. Ng3 Qh4 $15 {Szuk-Ruck, Paks 1994}) 8... b4 (
8... Bb7 9. Nf3 (9. Qb3 {White soon will lose the d5 P anyway.} Qa5 10. Nf3
Bxd5 11. Qd1 {White has lost two tempi.} e6 12. O-O Bd6 13. Nxd5 Nxd5 14. Bd2
Qb6 $15 {Zo.Varga-Dizdarevic, Makarska Tucepi 1995}) 9... Nxd5 10. Nxd5 Bxd5
11. a4 e6 (11... b4 12. Bf4 e6) 12. O-O b4 13. Bf4 Be7 14. Qd2 O-O 15. Rfc1 Ra7
16. a5 {White has to create some weaknesses in the opponent's camp on the <<,
otherwise the isolated P becomes more vulnerable.} Qa8 (16... Nf6 17. Ne5 Qa8)
17. Ne1 Rd8 18. Bf1 $13 {Varga,Z-Khenkin,I/Recklinghausen 1996}) 9. Na4 Nxd5
10. Bf3 $6 {This is a sophysticated setup, and White will lose the fight for
>< d5 anyway.} (10. Nf3 $142 Bb7 (10... e6 11. O-O (11. Ne5 $6 Nxe5 12. dxe5
Qc7 13. O-O Be7 14. Bf3 O-O 15. Bxd5 exd5 16. Qd4 {The N would be the best on
d4, but he cannot come back.} Be6 17. Be3 f6 $13 {Zo.Varga-Kallai, Kobanya 1991
})) 11. O-O e6 12. Bg5 Be7 $13 (12... Qa5 $6 {Black wants to avoid the
exchange of the "bad" white B.} 13. Rc1 Bd6 14. Ne5 Bxe5 15. dxe5 O-O 16. Re1
Rfc8 $13 {Czebe-Pataki, Balatonlelle 2002})) 10... Bb7 11. Ne2 e6 12. O-O Bd6
$15 13. Ng3 (13. Bf4 Nxf4 14. Nxf4 (14. Bxb7 Nxe2+ $1 15. Qxe2 Bxh2+ $1) 14...
Bxf3 15. Qxf3 O-O $15 {and the isolani remains a long-lasting target.}) (13.
Nf4 O-O 14. Nxd5 Bxd5 $15 {Now the bad dark-squared B remains.}) 13... Qh4 {
I'm not sure this is the best.} (13... O-O $1 {was simple and good.} 14. Ne4
Qb8 15. Nxd6 Qxd6 $15 {and White has no chances to attack >< d5.}) 14. Re1 ({
It was high time to get rid of the N on the edge of the board.} 14. Nc5 $1 Bxc5
15. Ne4 $1 {This is a very nice intermediate move based on trapping the Q.} (
15. dxc5 Nxc5 16. Nf5 exf5 17. Bxd5 O-O) 15... Qe7 $15) 14... O-O 15. Re4 Qd8
$1 16. Re1 Qh4 17. Re4 Qd8 18. Re1 Qc7 {Black doesn't want to repeat third
time.} 19. Bd2 (19. Bg5 Rac8 $17) 19... Rac8 20. Rc1 Qb8 21. Qb3 Rxc1 $143 {
There was no need to exchange the rooks, the weakness of the isolated P is not
so serious without the heavy artillery.} (21... Rfd8 22. Bg5 Re8 $15 {It is
better to keep one R on the board.}) (21... Rfe8 $15) 22. Rxc1 Rc8 23. Rxc8+
Qxc8 24. Ne4 Be7 {[#]} 25. Nec5 $1 {Finally White has solved the problem of
his passive knights.} (25. h3 a5) 25... Nxc5 26. Nxc5 (26. dxc5 Bxc5 27. Nxc5
Qxc5 {- 26.Nxc5}) 26... Bxc5 27. dxc5 Qxc5 28. Bxd5 {This is the simplest way.
White has sacrificed a P in order to liquidate to a drawish ^- _|_.} (28. h3 a5
29. a3 {fighting with the ^^ was also possible.}) 28... Qxd5 29. Qxd5 Bxd5 30.
Bxb4 Bxa2 $11 31. f4 h6 32. h4 Kh7 33. Kf2 Kg6 34. g3 f6 35. Ke3 Kh5 36. Bf8 g5
37. hxg5 hxg5 38. Be7 Kg6 39. Bd8 Bd5 1/2-1/2

[Event "Carlos Torre Memorial op 17th"]
[Site "Yucatan"]
[Date "2004.12.13"]
[Round "1"]
[White "Delgado Ramirez, Neuris"]
[Black "Navarro Segura, Roberto"]
[Result "1-0"]
[WhiteElo "2554"]
[BlackElo "2241"]
[PlyCount "59"]
[EventDate "2004.12.13"]
[EventType "swiss"]
[EventRounds "9"]
[EventCountry "MEX"]
[SourceTitle "CBM 103 Extra"]
[Source "ChessBase"]
[SourceDate "2005.01.01"]
[SourceVersion "1"]
[SourceVersionDate "2005.01.01"]
[SourceQuality "1"]

1. e4 e5 2. Nf3 Nf6 3. Nxe5 d6 4. Nf3 Nxe4 5. Nc3 Nxc3 6. dxc3 Bg4 7. Be3 Nd7
8. h3 Bf5 9. Qe2 Be7 10. Nd4 Bg6 11. g4 O-O 12. Bg2 c5 13. Nf5 Bxf5 14. gxf5
Qa5 15. Bd5 Nf6 16. Qd2 Nxd5 17. Qxd5 b5 18. Rg1 Bf6 19. O-O-O Kh8 20. Kb1 b4
21. c4 Rad8 22. h4 Be5 23. Bg5 f6 24. Be3 Qa4 25. Rd3 Qd7 26. f4 Rfe8 27. fxe5
Rxe5 28. Qg2 Rxf5 29. Rxd6 Rf1+ 30. Bc1 1-0

[Event "Carlos Torre Memorial op 17th"]
[Site "Yucatan"]
[Date "2004.12.14"]
[Round "2"]
[White "Martinez, Ibrahim"]
[Black "Delgado Ramirez, Neuris"]
[Result "1/2-1/2"]
[WhiteElo "2371"]
[BlackElo "2554"]
[PlyCount "31"]
[EventDate "2004.12.13"]
[EventType "swiss"]
[EventRounds "9"]
[EventCountry "MEX"]
[SourceTitle "CBM 103 Extra"]
[Source "ChessBase"]
[SourceDate "2005.01.01"]
[SourceVersion "1"]
[SourceVersionDate "2005.01.01"]
[SourceQuality "1"]

1. e4 c5 2. Nf3 d6 3. d4 cxd4 4. Nxd4 Nf6 5. Nc3 a6 6. Bg5 e6 7. f4 Qb6 8. Qd2
Nc6 9. Nb3 Be7 10. O-O-O Qc7 11. Be2 Bd7 12. Bxf6 gxf6 13. Bh5 Rf8 14. Qf2
O-O-O 15. Na4 b5 16. Nb6+ 1/2-1/2

[Event "Carlos Torre Memorial op 17th"]
[Site "Yucatan"]
[Date "2004.12.14"]
[Round "3"]
[White "Delgado Ramirez, Neuris"]
[Black "Pupo, Emilio"]
[Result "1-0"]
[WhiteElo "2554"]
[BlackElo "2375"]
[PlyCount "89"]
[EventDate "2004.12.13"]
[EventType "swiss"]
[EventRounds "9"]
[EventCountry "MEX"]
[SourceTitle "CBM 103 Extra"]
[Source "ChessBase"]
[SourceDate "2005.01.01"]
[SourceVersion "1"]
[SourceVersionDate "2005.01.01"]
[SourceQuality "1"]

1. e4 c5 2. Nf3 d6 3. Bc4 Nf6 4. d3 Nc6 5. c3 e6 6. Bb3 Be7 7. O-O O-O 8. Re1
b5 9. h3 Bb7 10. Nbd2 a5 11. a3 a4 12. Bc2 e5 13. Nf1 Re8 14. Ng3 g6 15. Bh6 d5
16. Qc1 dxe4 17. dxe4 Nd7 18. Rd1 Qc7 19. Nh2 Nd8 20. Qd2 Nb6 21. Qe2 Ne6 22.
Qg4 Kh8 23. Bd3 Bc6 24. Rd2 Rad8 25. Rad1 Nf4 26. Bxf4 exf4 27. Ne2 Bd6 28. Nf3
f6 29. Qh4 Qg7 30. Bxb5 Bxb5 31. Rxd6 Rxd6 32. Rxd6 g5 33. Qh5 Nc4 34. Rd5 Rc8
35. Qg4 Nb6 36. Qe6 Bxe2 37. Qxb6 Qe7 38. Rd6 Kg7 39. e5 fxe5 40. Nxe5 Kg8 41.
Nd7 Bb5 42. Nf6+ Kh8 43. Re6 Qf7 44. Qd6 Ra8 45. Qd1 1-0

[Event "Carlos Torre Memorial op 17th"]
[Site "Yucatan"]
[Date "2004.12.15"]
[Round "4"]
[White "Vera Gonzalez Quevedo, Reynaldo"]
[Black "Delgado Ramirez, Neuris"]
[Result "1/2-1/2"]
[WhiteElo "2461"]
[BlackElo "2554"]
[PlyCount "41"]
[EventDate "2004.12.13"]
[EventType "swiss"]
[EventRounds "9"]
[EventCountry "MEX"]
[SourceTitle "CBM 103 Extra"]
[Source "ChessBase"]
[SourceDate "2005.01.01"]
[SourceVersion "1"]
[SourceVersionDate "2005.01.01"]
[SourceQuality "1"]

1. e4 c5 2. Nf3 d6 3. Bb5+ Bd7 4. Bxd7+ Qxd7 5. O-O Nc6 6. c4 g6 7. d4 cxd4 8.
Nxd4 Bg7 9. Be3 Nf6 10. f3 O-O 11. Nc3 e6 12. Rc1 Rfd8 13. Kh1 Rac8 14. b3 Ne5
15. Bg5 h6 16. Bh4 g5 17. Bf2 a6 18. Qe2 Ng6 19. Rfd1 Qc7 20. a4 Qa5 21. Qb2
1/2-1/2

[Event "Carlos Torre Memorial op 17th"]
[Site "Yucatan"]
[Date "2004.12.16"]
[Round "5"]
[White "Delgado Ramirez, Neuris"]
[Black "Martin Del Campo C, Roberto"]
[Result "1-0"]
[WhiteElo "2554"]
[BlackElo "2404"]
[PlyCount "121"]
[EventDate "2004.12.13"]
[EventType "swiss"]
[EventRounds "9"]
[EventCountry "MEX"]
[SourceTitle "CBM 103 Extra"]
[Source "ChessBase"]
[SourceDate "2005.01.01"]
[SourceVersion "1"]
[SourceVersionDate "2005.01.01"]
[SourceQuality "1"]

1. e4 c5 2. Nf3 d6 3. c3 Nf6 4. Bb5+ Bd7 5. Bxd7+ Qxd7 6. d3 e6 7. O-O Nc6 8.
Re1 Be7 9. Bg5 O-O 10. Nbd2 h6 11. Bh4 Rac8 12. Nf1 b5 13. Ne3 Qb7 14. h3 Rfe8
15. Nh2 Ne5 16. f4 Ng6 17. Bxf6 Bxf6 18. Nhg4 Bh4 19. Rf1 c4 20. f5 Ne5 21. d4
Nxg4 22. Qxg4 Bg5 23. Rae1 Bxe3+ 24. Rxe3 exf5 25. Rxf5 Re6 26. Ref3 Qxe4 27.
Qxe4 Rxe4 28. Rxb5 Rc7 29. Rf2 Kf8 30. Rb8+ Re8 31. Rb5 Re1+ 32. Kh2 Re3 33.
Rb8+ Ke7 34. Rg8 g6 35. Rh8 h5 36. Rxf7+ Kxf7 37. Rh7+ Ke6 38. Rxc7 Re2 39. b3
Rxa2 40. bxc4 Ra3 41. c5 Rxc3 42. Rc6 Rd3 43. Rxd6+ Ke7 44. Rxg6 Rxd4 45. Rg7+
Kf6 46. Rxa7 Rc4 47. Rc7 h4 48. Rc8 Rc2 49. c6 Kg7 50. Kg1 Kh7 51. c7 Kg7 52.
Kf1 Kh7 53. Ke1 Kg7 54. Kd1 Rc4 55. Kd2 Rc6 56. Kd3 Rc1 57. Ke4 Rc2 58. Kf3 Kh7
59. Rf8 Rxc7 60. Rf4 Rc3+ 61. Kf2 1-0

[Event "Carlos Torre Wimbledon 17th"]
[Site "Yucatan"]
[Date "2004.12.17"]
[Round "1.1"]
[White "Norgaard, Jesper"]
[Black "Delgado Ramirez, Neuris"]
[Result "1/2-1/2"]
[WhiteElo "2435"]
[BlackElo "2554"]
[PlyCount "53"]
[EventDate "2004.12.13"]
[EventType "k.o."]
[EventRounds "4"]
[EventCountry "MEX"]
[SourceTitle "CBM 105"]
[Source "ChessBase"]
[SourceDate "2005.04.11"]
[SourceVersion "1"]
[SourceVersionDate "2005.04.11"]
[SourceQuality "1"]

1. e4 c5 2. Nf3 d6 3. c3 Nf6 4. Bb5+ Bd7 5. Bxd7+ Qxd7 6. d3 Nc6 7. O-O g6 8.
Re1 Bg7 9. Nbd2 O-O 10. a4 Rac8 11. h3 Ne5 12. Qe2 Qc7 13. Nxe5 dxe5 14. Nc4
Rfd8 15. Rd1 Nh5 16. Be3 Nf4 17. Bxf4 exf4 18. e5 Rd5 19. Qe4 Rcd8 20. Qxf4
Bxe5 21. Qf3 Bf6 22. a5 b5 23. axb6 axb6 24. Ne3 R5d7 25. Ra8 Kg7 26. Rxd8 Qxd8
27. Ng4 1/2-1/2